000 00656nam a2200241Ia 4500
003 OSt
005 20221007080750.0
006 a|||||r|||| 00| 0
007 ta
008 221006b |||||||| |||| 00| 0 eng d
024 _a21,491
037 _cTextual
040 _aFLL
_cFLL
_beng
041 _2eng
_aeng
082 _aX;8, P4
100 _aStone Katherine V. W.
_9249759
245 0 _aEmployment regulation for the changing workplace
250 _aIst
260 _aNew York
_bCambridge University Press USA
_c2004
300 _axii,300p
_ccm.
942 _hX;8, P4
_cTEXL
_2CC
999 _c1160816
_d1160816